000 00556nam a2200229Ia 4500
003 OSt
005 20220918203212.0
006 a|||||r|||| 00| 0
007 ta
008 220917b |||||||| |||| 00| 0 eng d
024 _a106,727
037 _cTextual
040 _aARTS
_cARTS
_beng
041 _2eng
_aeng
082 _aV3:27wM2, F3
100 _aKingston
_9107289
245 0 _aFamous judges and famous trials
260 _c1923
650 _aHISTORY
942 _hV3:27wM2, F3
_cTEXL
_2CC
999 _c230085
_d230085